THE BHARATIYA NYAYA SANHITA 2023 (Record no. 34081)

MARC details
000 -LEADER
fixed length control field 00257nam a22001217a 4500
003 - CONTROL NUMBER IDENTIFIER
control field SGT
082 ## - DEWEY DECIMAL CLASSIFICATION NUMBER
Classification number 345
Item number UNI
100 ## - MAIN ENTRY--PERSONAL NAME
Personal name UNIVERSAL
245 ## - TITLE STATEMENT
Title THE BHARATIYA NYAYA SANHITA 2023
260 ## - PUBLICATION, DISTRIBUTION, ETC. (IMPRINT)
Place of publication, distribution, etc GURUGRAM
Name of publisher, distributor, etc UNIVERSAL
Year of Publication 2026
300 ## - PAGE DESCRIPTION
No. of Pages 144
942 ## - ADDED ENTRY ELEMENTS (KOHA)
Source of classification or shelving scheme Dewey Decimal Classification
Koha item type Books
Holdings
Withdrawn status Lost status Source of classification or shelving scheme Damaged status Not for loan Collection code Home library Current library Shelving location Date acquired Vendor Name Cost, normal purchase price SGTU Bill Number Full call number Accession No. (Barcode) Date last seen Bill Date Koha item type Total Checkouts Date last borrowed
    Dewey Decimal Classification   Not For Loan LAW SGT Science & Social Sciences Library SGT Science & Social Sciences Library Reference Book 14/02/2026 ZAFFA BOOKS 310.00 SGTU ZBD0409 345 UNI FL4001 14/02/2026 30/01/2026 Books    
    Dewey Decimal Classification     LAW SGT Science & Social Sciences Library SGT Science & Social Sciences Library Text Book 14/02/2026 ZAFFA BOOKS 310.00 SGTU ZBD0409 345 UNI FL4002 14/02/2026 30/01/2026 Books    
    Dewey Decimal Classification     LAW SGT Science & Social Sciences Library SGT Science & Social Sciences Library Text Book 14/02/2026 ZAFFA BOOKS 310.00 SGTU ZBD0409 345 UNI FL4003 14/02/2026 30/01/2026 Books    
    Dewey Decimal Classification     LAW SGT Science & Social Sciences Library SGT Science & Social Sciences Library Text Book 14/02/2026 ZAFFA BOOKS 310.00 SGTU ZBD0409 345 UNI FL4004 12/03/2026 30/01/2026 Books 1 12/03/2026
    Dewey Decimal Classification     LAW SGT Science & Social Sciences Library SGT Science & Social Sciences Library Text Book 14/02/2026 ZAFFA BOOKS 310.00 SGTU ZBD0409 345 UNI FL4005 11/03/2026 30/01/2026 Books 1 11/03/2026